Problemática de la administración escolar.

Guardat en:
Dades bibliogràfiques
Autor principal: Figueres, José (autor)
Altres autors: Arce M., Antonio (autor) (autor), Quesada de Ulate, Fanny (autor) (autor)
Format: Llibre
Idioma:espanyol
Col·lecció:(Colección material estudios CEDAL ; no. 19)
Matèries:
Etiquetes: Afegir etiqueta
Sense etiquetes, Sigues el primer a etiquetar aquest registre!

MARC

LEADER 00000cam^a2200000uu^4500
001 000491114
005 20250521000000.0
008 050901s1971^^^^^^^^^^^^rd^r^^000^0^spa^d
009 20260310125409.287
035 |a FCE 000034333 
035 |a FCE 003278 
037 |a Acervo ITESO - Biblioteca 
041 |a spa 
082 0 4 |a 082.1  |b CEDAL 19 
100 |a Figueres, José  |e (autor) 
245 1 0 |a Problemática de la administración escolar. 
264 |a San José :  |b CEDAL,  |c 1971. 
300 |a [pág. varía] 
336 |a texto  |b txt  |2 rdacontenido 
337 |a sin mediación  |b n  |2 rdamedio 
338 |a volumen  |b nc  |2 rdasoporte 
440 0 |a (Colección material estudios CEDAL ;  |v no. 19) 
649 |a XX 
650 |a Administración escolar 
650 |a Organización administrativa 
650 |a Problemas educativos 
700 |a Arce M., Antonio  |e (autor) 
700 |a Quesada de Ulate, Fanny  |e (autor) 
910 |a Fondo Centro de Estudios Educativos 
920 |a Impresos - Libros 
930 |a Fondos Especiales 
905 |a 133 
901 |a ALE003278  |b IT2  |c CEE  |u 20250521 
902 |a https://opac.biblio.iteso.mx/vufind/Record/000491114